ACADEMIC ACTIVIST 1920-1970 (Record no. 4505)

MARC details
000 -LEADER
fixed length control field 00396nam a22001697a 4500
003 - CONTROL NUMBER IDENTIFIER
control field OSt
005 - DATE AND TIME OF LATEST TRANSACTION
control field 20210916154514.0
008 - FIXED-LENGTH DATA ELEMENTS--GENERAL INFORMATION
fixed length control field 210916b |||||||| |||| 00| 0 eng d
040 ## - CATALOGING SOURCE
Transcribing agency HAWASSA UNIVERSITY
050 ## - LIBRARY OF CONGRESS CALL NUMBER
Classification number 371.1/HAR
082 ## - DEWEY DECIMAL CLASSIFICATION NUMBER
Classification number 371.1/HAR
100 ## - MAIN ENTRY--PERSONAL NAME
Personal name HARRIS SEYMOUR E.
9 (RLIN) 4458
245 ## - TITLE STATEMENT
Title ACADEMIC ACTIVIST 1920-1970
260 ## - PUBLICATION, DISTRIBUTION, ETC.
Date of publication, distribution, etc. 1972
300 ## - PHYSICAL DESCRIPTION
Extent IX/299
942 ## - ADDED ENTRY ELEMENTS (KOHA)
Source of classification or shelving scheme Dewey Decimal Classification
Koha item type Books like text book referance book
Suppress in OPAC No
Holdings
Withdrawn status Lost status Source of classification or shelving scheme Damaged status Not for loan Home library Current library Date acquired Total Checkouts Full call number Barcode Date last seen Copy number Price effective from Koha item type
    Dewey Decimal Classification     College of Agriculture Library College of Agriculture Library 09/16/2021   371.1/HAR ALIB0005812 09/16/2021 1 09/16/2021 Books like text book referance book